• 首页
  • 本馆介绍
  • 公告通知
  • 最新文献
  • 馆藏检索
  • 电子资源
  • 读者导购
  • 参考咨询
  • 我的图书馆
  • 登录
  • 详细信息显示
  • 放入我的书架
  • 预约/预借图书
  • 作者相关作品
  • 分类相关作品
  • 丛书相关作品
  • 出版社相关作品

书目信息

  • 表格格式
  • 工作单格式
  • 卡片格式
题名:
压力管道检验师
    
 
作者: 周震, 主编
分册:  
出版信息: 北京   中国标准出版社  2012.12
页数: 10, 535页
开本: 26cm
丛书名:
单 册:
中图分类: U178
科图分类:
主题词: 压力管道--ya li guan dao--检验--教材
电子资源:
ISBN: 978-7-5066-7013-5
000 00991nam0 2200241 450
001 2346144324
005 20231125124918.46
010    @a978-7-5066-7013-5@dCNY70.00
100    @a20130305d2012 em y0chiy50 ea
101 0  @achi
102    @aCN@b110000
105    @aak z 000yy
200 1  @a压力管道检验师@Aya li guan dao jian yan shi@d= Supervision and inspection for pressure piping@f周震主编@zeng
210    @a北京@c中国标准出版社@d2012.12
215    @a10, 535页@c图@d26cm
300    @a特种设备检验检测人员培训考核教材
330    @a本书系统介绍了压力管道设计、制造、安装、使用、监督检验等环节的基本知识, 分析了国内外压力管道安全检验的现状, 列举了典型压力管道检验方法实例和检验机构正在使用的呃各种质量保证手册、各种工艺案例及检验报告实例。
510 1  @aSupervision and inspection for pressure piping@zeng
606 0  @a压力管道@Aya li guan dao@x检验@j教材
690    @aU178@v5
701  0 @a周震,@Azhou zhen@f1953-@4主编
801  0 @aCN@b人天书店@c20130305
905    @aBZT@dU178@e2
    
    压力管道检验师= Supervision and inspection for pressure piping/周震主编.-北京:中国标准出版社,2012.12
    10, 535页:图;26cm
    特种设备检验检测人员培训考核教材
    
    ISBN 978-7-5066-7013-5:CNY70.00
    本书系统介绍了压力管道设计、制造、安装、使用、监督检验等环节的基本知识, 分析了国内外压力管道安全检验的现状, 列举了典型压力管道检验方法实例和检验机构正在使用的呃各种质量保证手册、各种工艺案例及检验报告实例。
●
相关链接 在五车中查询图书 在当当中查询图书 在豆瓣中查询图书


正题名:压力管道检验师     索取号:U178/2         预约/预借

序号 登录号 条形码 馆藏地/架位号 状态 备注
1 2001082914   2001082914   东辅楼二楼书库/ [索取号:U178/2] 在馆    
2 2001082915   2001082915   东辅楼二楼书库/ [索取号:U178/2] 在馆    
3 2001082916   2001082916   东辅楼二楼书库/ [索取号:U178/2] 在馆    
4 2001082917   2001082917   东辅楼二楼书库/ [索取号:U178/2] 在馆    
5 2001082918   2001082918   东辅楼二楼书库/ [索取号:U178/2] 在馆    
6 2001082919   2001082919   东辅楼二楼书库/ [索取号:U178/2] 在馆    
7 2001082920   2001082920   东辅楼二楼书库/ [索取号:U178/2] 在馆    
8 2001082921   2001082921   东辅楼二楼书库/ [索取号:U178/2] 在馆    
9 2001082922   2001082922   东辅楼二楼书库/ [索取号:U178/2] 在馆    
10 2001082923   2001082923   东辅楼二楼书库/ [索取号:U178/2] 在馆    
11 2001082924   2001082924   东辅楼二楼书库/ [索取号:U178/2] 在馆    
12 2001082925   2001082925   东辅楼二楼书库/ [索取号:U178/2] 在馆    
13 2001082926   2001082926   东辅楼二楼书库/ [索取号:U178/2] 在馆    
14 2001082927   2001082927   东辅楼二楼书库/ [索取号:U178/2] 在馆    
15 2001082928   2001082928   东辅楼二楼书库/ [索取号:U178/2] 在馆    
16 2001082929   2001082929   东辅楼二楼书库/ [索取号:U178/2] 在馆    
17 2001082930   2001082930   东辅楼二楼书库/ [索取号:U178/2] 在馆    
18 2001082931   2001082931   东辅楼二楼书库/ [索取号:U178/2] 在馆    
19 2001082932   2001082932   东辅楼二楼书库/ [索取号:U178/2] 在馆    
20 2001082933   2001082933   东辅楼二楼书库/ [索取号:U178/2] 在馆    
21 2001082934   2001082934   东辅楼二楼书库/ [索取号:U178/2] 在馆    
22 2001082935   2001082935   东辅楼二楼书库/ [索取号:U178/2] 在馆    
23 2001082936   2001082936   东辅楼二楼书库/ [索取号:U178/2] 在馆    
24 2001082937   2001082937   东辅楼二楼书库/ [索取号:U178/2] 在馆    
25 2001082938   2001082938   东辅楼二楼书库/ [索取号:U178/2] 在馆    
26 2001082939   2001082939   东辅楼二楼书库/ [索取号:U178/2] 在馆    
27 2001082940   2001082940   东辅楼二楼书库/ [索取号:U178/2] 在馆    
28 2001082941   2001082941   东辅楼二楼书库/ [索取号:U178/2] 在馆    
29 2001082942   2001082942   东辅楼二楼书库/ [索取号:U178/2] 在馆    
30 2001082943   2001082943   东辅楼二楼书库/ [索取号:U178/2] 在馆    
山东省滨州职业学院图书馆 欢迎您!
大连网信软件有限公司© 版权所有